000 00500nam a2200193Ia 4500
003 GCL
008 140319s9999 xx 000 0 eng d
040 _aGCL /
_cGCL
082 0 4 _a938
_bE G
100 1 _aETIENNE, ROLAND
245 1 0 _aLA GRECE ANTIQUE, ARCHEOLOGIE D'UN DECOUVERTE /
_cETIENNE, ROLAND
700 1 _aETIENNE, FRANCOISE
260 _a[S.N] :
_bGALLIMARD ،
_c1991
300 _a176 P
650 0 4 _aANCIENT GREECE
650 0 4 _aARCHAEOLOGY
650 0 4 _aGREECE
942 _2ddc
_cBK
999 _c25681
_d25681